Vývoj slovenského agrárneho trhu v transformačnom procese

Analýza vývoja slovenského agrárneho trhu za roky 1991-1998. Vývojové fázy agrárneho trhu v období ekonomickej reformy. Agrárna politika v oblasti agrárneho trhu. Prejavy transformácie v poľnohospodárstve.

Na minha lista:
Detalhes bibliográficos
Autor principal: Ižáková, Viera
Formato: Capítulo de Livro
Idioma:eslovaco
Assuntos:
Tags: Adicionar Tag
Sem tags, seja o primeiro a adicionar uma tag!

MARC

LEADER 00000naa a2200000 4500
001 r039152
005 20230922111705.3
041 0 |a slo 
044 |a CZ 
245 1 0 |a Vývoj slovenského agrárneho trhu v transformačnom procese  |c V. Ižáková 
520 |a Analýza vývoja slovenského agrárneho trhu za roky 1991-1998. Vývojové fázy agrárneho trhu v období ekonomickej reformy. Agrárna politika v oblasti agrárneho trhu. Prejavy transformácie v poľnohospodárstve. 
610 2 0 |a poľnohospodárstvo 
610 2 0 |a trh potravinový 
610 2 0 |a transformácia 
610 2 0 |a Slovensko 
610 2 0 |a 1991-1998 
610 2 0 |a výroba poľnohospodárska 
610 2 0 |a potravinárstvo 
610 2 0 |a dovoz 
610 2 0 |a vývoz 
610 2 0 |a komodity 
610 2 0 |a spotreba potravín 
610 2 0 |a údaje štatistické 
100 1 |a Ižáková, Viera